000 00835nam a2200289 i 4500
001 C2-0334700
003 PPAK
005 20180728134435.0
008 151111s2011 my a|||| ||||| | may d
020 _a9789670604220
040 _aPPAK
_beng
_cPPAK
_erda
082 0 4 _a297.63
_223
090 0 0 _a297.63
_bSAY
_dK
245 0 0 _aSayang-sayang nabi :
_briwayat hidup Nabi Muhammad SAW. 2
250 _aEdisi Kedua
264 1 _aKuala Lumpur :
_bAna Muslim ,
_c2011
300 _a82 pages :
_bcolour illustrations ;
_c26 cm
336 _2rdacontent
_atext
337 _2rdamedia
_aunmediated
338 _2rdacarrier
_avolume
490 1 _aSiri Bacaan Ana Muslim
500 _a7-10 Tahun
650 1 0 _aMuhammad, Prophet, -632.
700 0 _aRazlinda Radzuan,
_eeditor
830 0 _aSiri Bacaan Ana Muslim
942 _ddc
_cB
999 _c133135
_d133135